| 000 | 00496nam a2200169Ia 4500 | ||
|---|---|---|---|
| 005 | 20250923145057.0 | ||
| 008 | 008 250917s9999 xx 000 0 eng d | ||
| 037 | _aTextual | ||
| 040 |
_aDSWL _beng _cDSWL |
||
| 041 |
_aeng _2eng |
||
| 084 |
_aYX, K11 _qDSWL |
||
| 100 |
_aJordan, Thomas E. _9831556 |
||
| 245 | 0 |
_aMentally retarded _cby Thomas E. Jordan |
|
| 260 |
_aColumbus _bCharles E. Merrill Books Inc. _c1961 |
||
| 942 |
_cTEXL _hYX, K11 |
||
| 999 |
_c1446825 _d1446825 |
||